00000000nas 2200000za 4500
0019.505231
003CaOODSP
00520210705115226
007cr |||||||||||
008150406d20022010xxc|| p o||||f|   |0eng|d
040 |aCaOODSP|beng
043 |an-cn---
0861 |aH116-1E-PDF
1101 |aCanada. |bCanadian Institute for Health Information.
24510|aCIHI directions ICIS |h[electronic resource]
260 |aOttawa - Ontario : |bCanadian Institute for Health Information |c2002- 2010.
310 |aThree times a year
500 |aISSN (1201-0383) of the print edition has been copied in the PDF edition.
5203 |aTargets public health practitioners, administrators, and policymakers. It highlights the work of the Canadian Institute for Health Information, which generates information intended to support sound health policies, effective health care system management, and informed public discussion on issues affecting health and health services. Includes a calendar of events and a list of new publications.
77508|tICIS directions CIHI |w(CaOODSP)9.501631
7760#|tCIHI directions ICIS |w(CaOODSP)9.515066